LEADER 01388nam 2200349 a 450 001 9910698719003321 005 20090624141538.0 035 $a(CKB)5470000002396669 035 $a(OCoLC)319424516 035 $a(EXLCZ)995470000002396669 100 $a20090427d2008 ua 0 101 0 $aeng 135 $aurmn||||||||| 181 $ctxt$2rdacontent 182 $cc$2rdamedia 183 $acr$2rdacarrier 200 10$a2010 census$b[electronic resource] $eCensus Bureau should take action to improve the credibility and accuracy of its cost estimate for the decennial census : report to the Subcommittee on Commerce, Justice, Science, and Related Agencies, Committee on Appropriations, House of Representatives 210 1$a[Washington, D.C.] :$cU.S. Govt. Accountability Office,$d[2008] 215 $aii, 37 pages $cdigital, PDF file 300 $aTitle from title screen (viewed on Apr. 23, 2009). 300 $a"June 2008." 300 $a"GAO-08-554." 320 $aIncludes bibliographical references. 517 $a2010 census 607 $aUnited States$xCensus, 2010$xFinance 712 02$aUnited States.$bCongress.$bHouse.$bCommittee on Appropriations.$bSubcommittee on Commerce, Justice, Science, and Related Agencies. 801 0$bGPO 801 1$bGPO 906 $aBOOK 912 $a9910698719003321 996 $a2010 census$93153264 997 $aUNINA